000 00665nam a2200241 i 4500
001 C2-0219639
003 PPAK
005 20180728112009.0
008 990906s enka|||| ||||| | eng d
020 _a0856681938
040 _aPPAK
_beng
_cPPAK
_erda
082 0 4 _a722.44
_2 23
090 0 0 _a722.44
_bMER
_dR
100 1 _aMerlinger, E,
_eauthor
245 1 0 _aIndian Islamic Architecture
264 1 _aEngland :
_bAris and Phillips Ltd. ,
300 _a146 pages :
_billustrations ;
_c29 cm
336 _2rdacontent
_atext
337 _2rdamedia
_aunmediated
338 _2rdacarrier
_avolume
650 1 0 _aArchitecture, Islamic - India
942 _ddc
_cB
999 _c162202
_d162202